000
00281nam a2200097Ia 4500
001
1009885
005
20250826230710.0
008
250824s9999 xx 000 0 und d
245
0
_a
KÜÇÜK VAMPİR 16 KONT DRAKULAYI ZİYARET EDİYOR
_c
ANGELA SOMMER
260
_b
HEP KİTAP YAYINLARI
999
_c
1009885
_d
1009885